Parole chiavi del Diritto Processuale Civile italiano - Statistics

Statistiche generali
  • Questo quiz è stato fatto 21 volte
  • Il punteggio medio è 20 su 38
Statistiche sulle risposte
Descrizione Parola chiave % Corretto
Strumento di impugnazione contro le sentenze di primo grado Appello
77%
L’esperto nominato dal giudice per fornire un parere su questioni tecniche Consulente tecnico
77%
Suddivisione tra i diversi giudici competenti per materia, territorio e valore Competenza
69%
L'atto con cui un testimone si impegna a dire la verità in giudizio Giuramento
69%
Quando un processo coinvolge più parti, anziché solo due, si ha una situazione di Litisconsorzio
69%
Quando una causa identica è pendente davanti a due giudici diversi Litispendenza
69%
Il principio che impone alle parti di provare i fatti su cui fondano le loro richieste Onere della prova
69%
L’elemento della domanda giudiziale che indica ciò che si chiede al giudice Petitum
69%
La possibilità di richiedere la sostituzione di un giudice per mancanza di imparzialità Ricusazione
69%
Strumento procedurale che può contenere più domande, con la funzione di: presentare la richiesta di tutela giuridica e convocare l’altra parte in tribunale Atto di citazione
62%
L’elemento della domanda giudiziale che indica il motivo per cui si chiede qualcosa Causa petendi
62%
procedimento informale e non vincolante, in cui un soggetto imparziale aiuta le parti a trovare un accordo, senza effettivamente vincolarle Mediazione
62%
Il rischio di danno grave e irreparabile che giustifica l’emissione di una misura cautelare Periculum in mora
62%
Strumento di impugnazione contro sentenze di secondo grado o di unico grado Ricorso in cassazione
62%
le parti affidano la soluzione della controversia a un soggetto o un collegio che emette una decisione vincolante Arbitrato
54%
L’organo che assiste il giudice e si occupa della gestione amministrativa del processo Cancelliere
54%
La fase del processo in cui si raccolgono prove e si valutano i fatti di causa Fase istruttoria
54%
L’apparente fondatezza del diritto fatto valere in giudizio per ottenere una misura cautelare Fumus boni iuris
54%
L'atto con cui una parte comunica ufficialmente un documento processuale all'altra parte Notifica
54%
La procedura con cui si richiede la verifica dell'autenticità di un documento presentato in giudizio Querela di falso
54%
Strumento di impugnazione per contestare decisioni sulla competenza del giudice Regolamento di competenza
54%
Termine che deve essere rispettato rigorosamente; se scade senza che l’atto sia stato compiuto, si perde il diritto di eseguirlo. Non può esser né abbreviato né prorogato, a meno che la legge lo preveda espressamente. Termine perentorio
54%
Organo ausiliario che assiste il giudice in udienza e esegue i suoi ordini. L’ufficiale documenta, certifica ed esegue notifiche di atti processuali e atti del processo esecutivo Ufficiale giudiziario
54%
L’azione con cui si cerca di impedire o far cessare un comportamento illecito Azione inibitoria
46%
L’atto con cui il convenuto risponde all'atto di citazione Comparsa di risposta
46%
Strumento di impugnazione per tutelare i diritti di chi non ha partecipato al processo ma ne è stato danneggiato. Opposizione di terzo
46%
Provvedimento che il giudice emette per gestire il processo in modo più rapido ed efficiente. Serve ad organizzare le udienze, stabilire scadenze e garantire che il procedimento si svolga correttamente. Ordinanza
46%
L’azione che mira a ottenere la realizzazione concreta di un diritto già accertato Azione esecutiva
38%
Fatti nuovi introdotti dal convenuto Eccezioni
38%
Il mezzo con cui si chiede la revisione di una sentenza basata su documenti falsi o prove nuove; impedendo che diventi definitiva (ordinaria), o cercare di annullare la sentenza anche dopo (straordinaria) Revocazione
38%
Strumento che permette di trasferire un processo da un giudice incompetente a quello competente Translatio iudicii
38%
Quando due cause sono identiche per soggetti e causa petendi, ma differiscono nel petitum Continenza
31%
L’atto con cui si introduce un processo e si chiede tutela giurisdizionale, cercando di far valere un diritto soggettivo Domanda giudiziale
31%
La facoltà di agire in giudizio per ottenere tutela di un diritto Interesse ad agire
31%
Il tipo di processo in cui il giudice decide senza una fase istruttoria approfondita Processo sommario
31%
Quando entrambe le parti non vedono pienamente soddisfatti i propri interessi dalla sentenza Soccombenza reciproca
31%
L'azione con cui si chiede la modifica di una sentenza già passata in giudicato per errore di fatto, per un errore materiale Correzione
23%
Diritto di agire in giudizio per ottenere un provvedimento sulla domanda giudiziale proposta. Diritto di azione
15%
Nessun quiz corrispondente trovato
Distribuzione punteggi
Percentuale di utenti per punteggio
Percentile per numero di risposta
I tuoi punteggi nel tempo
Non hai fatto questo quiz